000 01152cam a2200241 a 4500
005 20160419092332.0
008 950614s1985 ck ab r 00010 spa d
040 _ala
_cla
_dCO-BoIAVH
041 0 _aspa
044 _ack
082 0 4 _a631.44
_bI59e
110 2 _aInstituto Geográfico Agustín Codazzi
_c(Bogotá).
_b, Subdirección Agrológica.
245 1 0 _aEstudio general de suelos de los sectores sur y suroeste del departamento de Cundinamarca /
_cIGAC.
260 _aBogotá :
_bIGAC,
_c1985.
300 _a625 páginas :
_bilustraciones y mapas ;
_c27 x 22 centímetros +
_e4 mapas plegables.
505 2 _aEstudio general de suelos de los sectores sur y suroeste del departamento de Cundinamarca: leyenda.
505 2 _aMapa del estudio general de suelos de los sectores sur y suroeste del departamento de Cundinamarca Planchas 1, 2 y 3
650 1 4 _aSuelos
_z Cundinamarca (Colombia)
650 2 4 _aSuelos
_z Cundinamarca (Colombia)
_x Análisis.
650 2 4 _aSuelos
_z Cundinamarca (Colombia)
_x Clasificación.
650 2 4 _aSuelos
_z Cundinamarca (Colombia)
_x Descripción.
942 _2ddc
_cLIBRO
999 _c477
_d477